000 01069cam a22002771i 4500
003 SA-RiAUC
005 20241008073913.0
008 241007s2017 su g 000 0 ara c
020 _a9786039106975
040 _aSA-RiKSU
_bara
_cSA-RiAUC
_erda
050 4 _b.A45 2017
082 0 4 _a810.9
_qSA-RiAUC
090 _a810.9
_bع ل ي
100 1 _aعلي، عاصم حمدان
_eمؤلف.
245 1 2 _aالأدب العربي في مدونات المستعربين /
_cتأليف الأستاذ الدكتور عاصم حمدان علي.
250 _aالطبعة الأولى.
264 1 _aالمدينة المنورة :
_bنادي المدينة المنورة الأدبي،
_c2017
300 _a283 صفحة
336 _aنص
_btxt
_2rdacontent
_3كتاب
337 _aبدون وسيط
_bn
_2rdamedia
338 _aمجلد
_bnc
_2rdacarrier
650 7 _aالأدب العربي
_xتاريخ ونقد
_2aucsh
650 7 _aالاستشراق والمستشرقون
_2aucsh
942 _2ddc
_cBOOK
_n0
949 _aSA-JeALM
_d241007
_umohamedma123
_n1
999 _c1001
_d1001